|
|
|
|
| LEADER |
00895nam a2200241 u 4500 |
| 001 |
10037992 |
| 003 |
upatras |
| 005 |
20210117195743.0 |
| 008 |
001127s2000 at eng |
| 020 |
|
|
|a 1864700270
|
| 040 |
|
|
|a GR-PaULI
|c GR-PaULI
|
| 041 |
0 |
|
|a eng
|
| 082 |
0 |
4 |
|a 725.822
|
| 110 |
|
0 |
|a Hardy Holzman Pfeiffer Associates
|9 25807
|
| 245 |
1 |
0 |
|a Theaters
|c Hardy Holzman Pfeiffer Associates
|
| 260 |
|
|
|a Victoria
|b The Images Publishing Group
|c 2000
|
| 300 |
|
|
|a 220 p.
|b phot.
|c 30 cm.
|
| 650 |
|
4 |
|a Θεατρική αρχιτεκτονική
|9 7942
|
| 852 |
|
|
|a GR-PaULI
|b ΠΑΤΡΑ
|b ΑΡΧΙΤΕΚΤΟΝΙΚΗ
|k ΑΣΧΞ-2
|h 725.822 H
|m 000764
|p 025000089299
|t 1
|
| 942 |
|
|
|2 ddc
|c BK15
|
| 952 |
|
|
|0 0
|1 0
|4 0
|6 725_822000000000000_H
|7 0
|9 24052
|a ARCH
|b ARCH
|d 2016-04-24
|i 000764
|l 0
|o 725.822 H
|p 025000089299
|r 2016-04-24 00:00:00
|t 1
|w 2016-04-24
|y BK15
|
| 998 |
|
|
|c MANIAKH
|d 2000-11
|
| 999 |
|
|
|c 15135
|d 15135
|